LEADER 01026nam--2200349---450- 001 990003607620203316 005 20120104142724.0 010 $a978-88-04-61155-4 035 $a000360762 035 $aUSA01000360762 035 $a(ALEPH)000360762USA01 035 $a000360762 100 $a20120104d2011----km-y0itay50------ba 101 $aita 102 $aIT 105 $a||||||||001yy 200 1 $a<> figli dei guardiani di elefanti$eromanzo$fPeter Hoeg$gtraduzione di Bruno Berni 210 $aMilano$cMondadori$d2011 215 $a405 p.$d22 cm 225 2 $aScrittori italiani e stranieri 410 0$12001$aScrittori italiani e stranieri 676 $a839.8 700 1$aHØEG,$bPeter$0611253 702 1$aBERNI,$bBruno 801 0$aIT$bsalbc$gISBD 912 $a990003607620203316 951 $aVIII.2.A. 287$b6211 L.G.$cVIII.2.A.$d00269525 959 $aBK 969 $aUMA 979 $aMARTUCCIEL$b90$c20120104$lUSA01$h1427 996 $aFigli dei guardiani di elefanti$91137032 997 $aUNISA